| 000 | 01075nam a22001817a 4500 | ||
|---|---|---|---|
| 999 |
_c58605 _d58605 |
||
| 003 | Ge_BSU | ||
| 005 | 20220613115936.0 | ||
| 008 | 220613s2009 ge ||||| |||| 00| 0 geo d | ||
| 041 | _ageo | ||
| 080 | _a519.2(072)=353.1+161.1 ნ-21 | ||
| 100 |
_aნაკაშიძე, გურამ _91514 |
||
| 245 |
_aალბათობის თეორია : _b(ქართულ და რუსულ ენაზე).მოკლე თეორიული კურსი; სავარჯიშო ტესტები : სახელმძღვ. ბათუმის საზღვაო აკადემიის ბაკალავრიატის სტედენტებისათვის / _cგურამ ნაკაშიძე ; რედ. ი. დიდმანიძე. |
||
| 264 |
_a ბათუმი, _c2009. |
||
| 300 |
_a242 გვ. : _bცხრ.; _c22 სმ. |
||
| 653 | _aალბათობის თეორია | ||
| 700 |
_aდიდმანიძე, ი. _eრედაქტორი _9511 |
||
| 942 |
_2udc _cBK |
||